00385nam a2200133 a 45000010005000000030005000050050017000100080041000270400020000682450072000882600041001603000010002016500040002115647CDMR20131017114942.0130130s1926||||||||||||||||||||||||||||d aCDMRbcatcCDMR 0aUniversity courses and diploma for journalismcUniversity of London a[London]c1926bUniversity of London a22 p.04aPeriodismexEnsenyamentzRegne Unit